Mediácia a jej výhody v prostredí obcí a obecných úradov

Pojem mediácia a mediátor. Proces mediácie.

Salvato in:
Dettagli Bibliografici
Autore principale: Ficzová, Lucia
Natura: Capitolo di libro
Lingua:slovacco
Soggetti:
Tags: Aggiungi Tag
Nessun Tag, puoi essere il primo ad aggiungerne!!

MARC

LEADER 00000naa a2200000 4500
001 0229369
005 20170419113508.9
041 0 |a slo 
044 |a SK 
245 1 0 |a Mediácia a jej výhody v prostredí obcí a obecných úradov  |c Lucia Ficzová 
520 |a Pojem mediácia a mediátor. Proces mediácie. 
610 2 0 |a obce 
610 2 0 |a mediácia 
610 2 0 |a mediátori 
610 2 0 |a spory súdne 
100 1 |a Ficzová, Lucia